LEADER 01037nam a2200229 i 4500 001 000000215638 003 CaOOAMICUS 005 20120830000000.0 008 120830n it u000 u ita u 013 $a194513 040 $aSeMil$bita 100 1 $aMarcora, Carlo,$c.$0(OLS)http://semarc/name/7153 245 10$aFonti per la storia della Pieve di Monza /$cCarlo Marcora. 260 $aMilano :$bTip. De Silvestri di Baldini e Ghezzi,$c[195-?] 300 $a69 p., [6[ c. di tav. ;$c24 cm . 490 0 $aFonti per la storia delle pievi della diocesi di Milano 650 4$aMonza - Storia.$0(OLS)http://semarc/subject/19 830 0$aFonti per la storia delle pievi della diocesi di Milano.$0(OLS)http://semarc/title/18428 850 $aSeMil 852 $aSeMil$W1$xVenegono$y1$m3P III 133$j166058$B166058$CSeMilBibl$Z2$F177007 $81 996 $6245$aFonti per la storia della Pieve di Monza$9(OLS)http://semarc/title/291559 996 $6260$aMilano :$bTip. De Silvestri di Baldini e Ghezzi$9(OLS)http://semarc/publisher/33754 LEADER 00901nam a2200229 i 4500 001 000000216195 003 CaOOAMICUS 005 20121008000000.0 008 121008s1994 it u000 u ita u 013 $a195076 040 $aSeMil$bita 100 1 $aSandrini, Massimo.$0(OLS)http://semarc/name/76569 245 14$aUna finestra su Monza :$b1915-1939 /$cMassimo Sandrini ; Antonio Ferlazzo Ciano. 260 $aMilano :$bSilvana,$c1994. 300 $a159 p. :$bill. ;$c31 cm. 650 4$aMonza - Storia.$0(OLS)http://semarc/subject/19 700 1 $aFerlazzo Ciano, Antonio.$0(OLS)http://semarc/name/76570 850 $aSeMil 852 $aSeMil$W1$xVenegono$y1$m3P V 416$j166614$B166614$CSeMilBibl$Z2$F179282 $81 961 $aOmaggio: Altro 996 $6245$aUna finestra su Monza :$b1915-1939$9(OLS)http://semarc/title/311008 996 $6260$aMilano :$bSilvana$9(OLS)http://semarc/publisher/30203